000 00605nam a2200193Ia 4500
003 OSt
005 20250416092033.0
008 210210b1945 xxu||||| |||| 00| 0 eng d
040 _cAL
041 _aKannada
082 _a859/1455
100 _aRAVINDRANATHA THAKURA
_9150016
_bರವೀಂದ್ರನಾಥ ಠಾಕೂರ
245 _aRavindra kathegalu-2
_bರವೀಂದ್ರ ಕಥೆಗಳು - ೨
260 _aBengaluru
_bSatyashodhana Prakatana Mandira
_c1945
690 _aKannada Fiction
_9150017
700 _aayyar
_bಅಯ್ಯರ್
_9208439
906 _a022188
942 _2ddc
_cBK
999 _c146292
_d146292